Alfabetos : (Registro nro. 15360)

Detalles MARC
000 -LEADER
fixed length control field 01153cam a2200325 a 4500
001 - CONTROL NUMBER
control field 16496897
003 - CONTROL NUMBER IDENTIFIER
control field OSt
005 - DATE AND TIME OF LATEST TRANSACTION
control field 20210312160356.0
008 - FIXED-LENGTH DATA ELEMENTS--GENERAL INFORMATION
fixed length control field 100924s2009 ck a c 000 0 spa
010 ## - LIBRARY OF CONGRESS CONTROL NUMBER
LC control number 2011382204
020 ## - INTERNATIONAL STANDARD BOOK NUMBER
International Standard Book Number 9789584458094
035 ## - SYSTEM CONTROL NUMBER
System control number (CVcHKB)kb2001095995
040 ## - CATALOGING SOURCE
Original cataloging agency DLC
Transcribing agency CO-JMCR
041 0# - LANGUAGE CODE
Language code of text/sound track or separate title spa
-- eng
042 ## - AUTHENTICATION CODE
Authentication code pcc
043 ## - GEOGRAPHIC AREA CODE
Geographic area code s-ck---
082 04 - DEWEY DECIMAL CLASSIFICATION NUMBER
Classification number 720.92861 /
Item number M477a
Edition number 23
100 1# - MAIN ENTRY--PERSONAL NAME
Personal name Mazzanti, Giancarlo.
Relator term autor
9 (RLIN) 36026
245 10 - TITLE STATEMENT
Title Alfabetos :
Remainder of title variaciones en la arquitectura de Giancarlo Mazzanti /
Statement of responsibility, etc. Giancarlo Mazzanti ; concepción editorial, edición de arte, Verónica Restrepo, Miguel Mesa
246 30 - VARYING FORM OF TITLE
Title proper/short title Variaciones en la arquitectura de Giancarlo Mazzanti
250 ## - EDITION STATEMENT
Edition statement Primera edición
260 ## - PUBLICATION, DISTRIBUTION, ETC.
Place of publication, distribution, etc. Bogotá :
Name of publisher, distributor, etc. Mesa,
Date of publication, distribution, etc. 2009.
300 ## - PHYSICAL DESCRIPTION
Extent 223 páginas :
Other physical details ilustraciones, mapas y fotografía a color ;
Dimensions 31 cm.
546 ## - LANGUAGE NOTE
Language note Text in Spanish and English.
650 14 - SUBJECT ADDED ENTRY--TOPICAL TERM
Topical term or geographic name entry element Arquitectura
Geographic subdivision Colombia
General subdivision Historia
9 (RLIN) 36027
650 24 - SUBJECT ADDED ENTRY--TOPICAL TERM
Topical term or geographic name entry element Historia
General subdivision Arquitectura
Geographic subdivision Colombia
9 (RLIN) 36028
700 1# - ADDED ENTRY--PERSONAL NAME
Personal name Restrepo, Verónica.
Relator term editora
9 (RLIN) 36029
700 1# - ADDED ENTRY--PERSONAL NAME
Personal name Mesa, Miguel.
Relator term editor
9 (RLIN) 36030
942 ## - ADDED ENTRY ELEMENTS (KOHA)
Source of classification or shelving scheme Dewey Decimal Classification
Koha item type Books
Existencias
Withdrawn status Lost status Source of classification or shelving scheme Damaged status Not for loan Home library Current library Shelving location Date acquired Source of acquisition Total Checkouts Full call number Barcode Date last seen Copy number Price effective from Koha item type
    Dewey Decimal Classification     Biblioteca Pública José María del Castillo y Rada Biblioteca Pública José María del Castillo y Rada General Stacks   Donación   720.92861 / M477a 201810828 05/16/2024 Ej.1   Books